Metóda na skúšanie lepivosti elektroizolačných lakov

Bibliographic Details
Main Author: Šedovič, J. (Author)
Format: Article
Language:Slovak

MARC

LEADER 00000nab a2200000 a 4500
001 vtls010703847
003 SK-MaSNL
005 20260304194504.0
008 250709s1958 xo |||||||||||||||||slo|
035 |a (urnnbn)urn:nbn:sk:snk:ar-a03wm9 
035 |a (uuid)66b7cce6-793c-48a9-a7ed-d07f385967e3 
035 |a urn:nbn:sk:snk-ab38rg 
040 |a SNKBUCL  |b slo  |c SNKBUCL  |e AACR2 
041 0 |a slo 
044 |a xo  |c SK 
100 1 |a Šedovič, J.  |4 aut  |9 1152309 
245 1 0 |a Metóda na skúšanie lepivosti elektroizolačných lakov  |c J. Šedovič 
773 0 |t Bulletin VÚKI  |g Roč. 11, č. 4 (1958), s. 192-195 
850 |a Slovenská národná knižnica 
852 |a Slovenská národná knižnica 
958 |a article1 
958 |a OND 
999 |c 3074539  |d 3076469